000 00635nam a2200217Ia 4500
001 60863
003 132953
005 20241206062747.0
008 ||||||n9999 ||| || ||
041 _aspa
110 _aInstituto de Seguros Sociales
_912192
245 0 _aEstadisticas generales del Instituto de Seguros Sociales 1995
260 _aBogotá :
_bInstituto de Seguros Sociales,
_c1998.
300 _ap.v.
562 _e1
650 _aCOLOMBIA
_983565
650 _aDATOS ESTADISTICOS
_951584
650 0 _aIndicadores económicos
_96688
650 _aINSTITUTO COLOMBIANO DE SEGUROS SOCIALES
_983566
942 _cDO-GO
999 _c60863
_d60863